Bệnh phổ biến ở bò sữa
Sách trình bày 55 bệnh và kỹ thuật phòng trị, trong đó có những bệnh thường gặp ở bò sữa Việt Nam,nhưng cũng có một số bệnh lưu hành ở những nước mà chúng ta đã và đang nhập các giống bò sữa như: bò sữa Holstein từ Cu Ba, Australia; bo...
Wedi'i Gadw mewn:
| Prif Awdur: | |
|---|---|
| Fformat: | Llyfr |
| Iaith: | Undetermined |
| Cyhoeddwyd: |
Hà Nội
Nông nghiệp
2002
|
| Pynciau: | |
| Tagiau: |
Ychwanegu Tag
Dim Tagiau, Byddwch y cyntaf i dagio'r cofnod hwn!
|
| Thư viện lưu trữ: | Trung tâm Học liệu Trường Đại học Cần Thơ |
|---|
| LEADER | 01025nam a2200217Ia 4500 | ||
|---|---|---|---|
| 001 | CTU_138209 | ||
| 008 | 210402s9999 xx 000 0 und d | ||
| 020 | |c 11000 | ||
| 082 | |a 636.2089 | ||
| 082 | |b L116 | ||
| 100 | |a Phạm, Sỹ Lăng | ||
| 245 | 0 | |a Bệnh phổ biến ở bò sữa | |
| 245 | 0 | |c Phạm Sỹ Lăng, Lê, Văn Tạo, Bạch Đăng Phong | |
| 260 | |a Hà Nội | ||
| 260 | |b Nông nghiệp | ||
| 260 | |c 2002 | ||
| 520 | |a Sách trình bày 55 bệnh và kỹ thuật phòng trị, trong đó có những bệnh thường gặp ở bò sữa Việt Nam,nhưng cũng có một số bệnh lưu hành ở những nước mà chúng ta đã và đang nhập các giống bò sữa như: bò sữa Holstein từ Cu Ba, Australia; bò sữa Jersey từ Hoa Kỳ... | ||
| 650 | |a Cattle,Veterinary medicine | ||
| 650 | |x diseases | ||
| 904 | |i Tuyến | ||
| 980 | |a Trung tâm Học liệu Trường Đại học Cần Thơ | ||